| 000 | 00390pab a2200145 454500 | ||
|---|---|---|---|
| 008 | 180718b1991 xxu||||| |||| 00| 0 eng d | ||
| 100 | _aTang, Shui Yan | ||
| 245 | _aInstitutional arrangements and the management of common - pool resources | ||
| 260 | _c1991 | ||
| 300 | _a42-51 | ||
| 362 | _aJan.-Feb. | ||
| 650 | _aIrrigation | ||
| 773 | _aPublic Administration Review | ||
| 909 | _a11733 | ||
| 999 |
_c11733 _d11733 |
||